01471nam a2200385 i 450000100060000000300080000600500170001400600190003100700150005000800410006503500230010603500240012903500250015303500210017804000310019905000210023008000110025108200200026211000290028224500690031126400450038030000410042533600310046633700330049733800430053050000230057358801230059659001640071965000490088365000280093265500270096079700190098785600620100699900170106899087FlNmELB20241217172817.0m o d | cr cnu||||||||140601s2014 flu o 001 0 spa d a(MiAaPQ)EBC3218978 a(Au-PeEL)EBL3218978 a(CaPaEBR)ebr10845069 a(OCoLC)992030859 aFINmELBbspaerdacFINmELB 4aK4620bG892 2014 a336.240 a341.75430262232 aGrupo Gaceta Jurídica.10aJurisprudencia aduanera (vinculante) /cGrupo Gaceta Jurídica. 1aMiami :bEl Cid Editor / apuntes,c2014. a1 recurso en línea (107 páginas) atextobtxt2rdacontent/spa acomputadorabc2rdamedia/spa arecurso en líneabcr2rdacarrier/spa aContiene índice. aDescripción basada en recurso en línea; Título de la página del título en PDF (e-libro, visto June 1, 2014). aRecurso electrónico. Santa Fe, Arg.: e-libro, 2015. Disponible vía World Wide Web. El acceso puede estar limitado para las bibliotecas afiliadas a e-libro. 0aCustoms administrationxLaw and legislation. 4aDerecho administrativo. 4aLibros electrónicos.2 ae-libro, Corp.40uhttps://elibro.net/ereader/politecnicointernacional/30404 c99087d99087